000 01415cab a2200337 4500
001 ABS48761
008 090401t1993 xxu||||| |||| 00| 0 eng d
035 _a(Sirsi) u68448
041 _aeng
100 _aHosie, J.
245 _aEffect of variation instructions issued after the contractual completion date
260 _c1993
350 _a0
490 _aCivil Engineering Surveyor
_v18(5) June 1993, 13-14(2)
520 _aDiscusses "McAlpine Humberoak v McDermott International Inc" 1992 and "Balfour Beatty Building Ltd v Chestermount Properties Ltd" 1993 and the effect of variation instructions issued after the contractual completion date and the entitlement to an extension of time. NB ABSTRACT MISSING PHOTOCOPIES OBTAINABLE ON VIA BLDSC. CHECK STAFF ENQUIRY FILE FOR CURRENT PRICES ASH 16/3/98
650 _aBUILT ENVIRONMENT-BUILDING CONTRACT FORMS
650 _aCLAIMS
650 _aCONTRACTUAL CLAIMS
650 _aCULPABLE DELAY
650 _aDELAY
650 _aEXTENSIONS OF TIME.
650 _aFIDIC CONDITIONS OF CONTRACT FOR WORKS OF CIVIL ENGINEERING CONSTRUCTION FOURTH EDITION
650 _aFLAGPOLE ARGUMENT
650 _aICE CONDITIONS OF CONTRACT (SIXTH EDITION)
650 _aLIQUIDATED DAMAGES
650 _aTIME AT LARGE
650 _aVARIATION INSTRUCTIONS
690 _aBUILT ENVIRONMENT-BUILDING CONTRACT FORMS
942 _n0
948 _c04/03/1997
999 _c42945
_d42945